The 3rd International conference on computing, communications and control technologies (Registro nro. 5077)

Detalles MARC
000 -CABECERA
Campo de control 01058nam a2200253 a 4500
005 - FECHA Y HORA DE LA ULTIMA TRANSACCION
Campo de control 20170926121953.0
008 - ELEMENTOS DE LONGITUD FIJA—INFORMACION GENERAL
Campo de control 140318b2005 txud||||r|||| 00| 0 eng d
040 ## - FUENTE DE CATALOGACIÓN
Agencia catalogadora original CO-BoIAVH
Agencia transcriptora CO-BoIAVH
041 0# - IDIOMA
Código de idioma para texto/pista de sonido o título separado Inglés
044 ## - PAÍS DE PUBLICACIÓN
País de publicación Estados Unidos
082 04 - NUMERO DE CLASIFICACION DECIMAL DEWEY
Número de clasificación 004.6
Número del ítem I61c
111 2# - ASIENTO PRINCIPAL--NOMBRE DE REUNION
Nombre de reunión o de jurisdicción como elemento de entrada International Conference on Computing, Communications and Control Technologies
Lugar de la reunión Texas
Fecha de la reunión julio 24-27, 2005
Número de la parte/sección/reunión 3
9 (RLIN) 85193
245 14 - MENCION DE TITULO
Título The 3rd International conference on computing, communications and control technologies
260 ## - PUBLICACION, DISTRIBUCION, ETC. (PIE DE IMPRENTA)
Lugar de publicación, distribución, etc. Orlando, FL (EE.UU.) :
Nombre del editor, distribuidor, etc. IIIS,
Fecha de publicación, distribución, etc. 2005.
300 ## - DESCRIPCION FISICA
Extensión 274 páginas :
Otros detalles físicos gráficas ;
Dimensiones 27 x 22 cm.
650 26 - ASIENTO SECUNDARIO DE MATERIA - TERMINO TEMATICO
Término temático o nombre geográfico como elemento de entrada Informática
Subdivisión de forma Congresos, conferencias, etc.
9 (RLIN) 85194
650 26 - ASIENTO SECUNDARIO DE MATERIA - TERMINO TEMATICO
Término temático o nombre geográfico como elemento de entrada Diseño de sistemas
Subdivisión de forma Congresos, conferencias, etc.
9 (RLIN) 85195
650 26 - ASIENTO SECUNDARIO DE MATERIA - TERMINO TEMATICO
Término temático o nombre geográfico como elemento de entrada Tecnologías para la información y la comunicación (TIC)
Subdivisión de forma Congresos, conferencias, etc.
9 (RLIN) 85196
700 1# - ASIENTO SECUNDARIO - NOMBRE PERSONAL
Nombre personal Chu, Hsing Wei
Término de relación editor
9 (RLIN) 22597
700 1# - ASIENTO SECUNDARIO - NOMBRE PERSONAL
Nombre personal Savoie, Michael J.
Término de relación editor
9 (RLIN) 22598
700 1# - ASIENTO SECUNDARIO - NOMBRE PERSONAL
Nombre personal Sanchez, Belkis
Término de relación editor
9 (RLIN) 22599
700 1# - ASIENTO SECUNDARIO - NOMBRE PERSONAL
Nombre personal Hong, Seong Min
Término de relación editor
9 (RLIN) 22600
942 ## - ELEMENTOS ADICIONALES (KOHA)
Tipo de ítem Libro
Sistema de clasificación Dewey Decimal Classification
Existencias
Withdrawn status Lost status Sistema de Clasificación Damaged status No para préstamo Colección Inventariado Ubicación Permanente Ubicación actual Fecha de adquisición Fuente de Valor Valor Total Checkouts Número topográfico Inventario / Código de Barras Date last seen Ejemplar Price effective from Forma de adquisición Tipo de material
    Dewey Decimal Classification     General Inventariado 2017 Sala Fabio Quevedo Sala Fabio Quevedo 04/01/2006 Instituto 20000.00   LB-004.6 I61c 022790 04/12/2012 Ej. 1 04/12/2012 Donación Libro